How to have a beatiful mind (Record no. 48752)

MARC details
000 -LEADER
fixed length control field 00389nam a2200157Ia 4500
008 - FIXED-LENGTH DATA ELEMENTS--GENERAL INFORMATION
fixed length control field 220805s9999 xx 000 0 und d
020 ## - INTERNATIONAL STANDARD BOOK NUMBER
International Standard Book Number 978-0091-89460-3
041 ## - LANGUAGE CODE
Language code of text/sound track or separate title eng
082 ## - DEWEY DECIMAL CLASSIFICATION NUMBER
Classification number 153.42
100 ## - MAIN ENTRY--PERSONAL NAME
Personal name Edward, Debono
9 (RLIN) 88586
260 ## - PUBLICATION, DISTRIBUTION, ETC. (IMPRINT)
Place of publication, distribution, etc. London
Name of publisher, distributor, etc. Vermillion
Date of publication, distribution, etc. 2004
245 ## - TITLE STATEMENT
Title How to have a beatiful mind
250 ## - EDITION STATEMENT
Edition statement 1
300 ## - PHYSICAL DESCRIPTION
Extent 231
650 ## - SUBJECT ADDED ENTRY--TOPICAL TERM
Topical term or geographic name as entry element Thought and thinking
9 (RLIN) 88587
Holdings
Withdrawn status Lost status Damaged status Not for loan Collection code Home library Current library Date acquired Vendor Full call number Barcode Date last seen Bill Date Koha item type Original Barcode
          Manilal Nanavati Vocational Training Institute Pune Manilal Nanavati Vocational Training Institute Pune 09/08/2022 Donated 153.42/EDW/DB1383 MNVT-DB-1383 09/08/2022 09/08/2022 Donated Book DB1383